[Event "36th Olympiad w"]
[Site "Calvia ESP"]
[Date "2004.10.22"]
[Round "7"]
[White "Mkrtchian,L"]
[Black "Gaponenko,I"]
[Result "1/2-1/2"]
[WhiteElo "2374"]
[BlackElo "2445"]
[EventDate "2004.10.15"]

1. e4 e5 2. Nf3 Nf6 3. d4 Nxe4 4. Bd3 d5 5. Nxe5 Nd7 6. Nxd7 Bxd7 7. O-O
Bd6 8. Nc3 Nxc3 9. bxc3 Qh4 10. Re1+ Kf8 11. g3 Qh3 12. c4 Bg4 13. Be2 Bxe2
14. Qxe2 dxc4 15. Bf4 Qd7 16. Bxd6+ Qxd6 17. Qxc4 Rd8 18. c3 g6 19. Re5 Kg7
20. Rae1 Rd7 21. a4 c6 22. Qe2 Rc8 23. Qg4 Rcc7 24. h4 Re7 25. h5 Qf6 26.
Qh3 h6 27. hxg6 fxg6 28. Qg4 Rf7 29. f4 Rce7 30. Kg2 Qd6 31. Qf3 Rxe5 32.
dxe5 Qe6 33. Rd1 Rd7 34. Qe2 Rxd1 35. Qxd1 Kf7 36. Kf2 h5 37. Qd8 Qe7 38.
Qh8 Ke6 39. Ke2 Kd5 40. Kd2 Qa3 41. Kd3 1/2-1/2

[Event "36th Olympiad w"]
[Site "Calvia ESP"]
[Date "2004.10.22"]
[Round "7"]
[White "Krush,I"]
[Black "Vijayalakshmi,S"]
[Result "1/2-1/2"]
[WhiteElo "2464"]
[BlackElo "2411"]
[EventDate "2004.10.15"]

1. d4 Nf6 2. c4 e6 3. Nc3 Bb4 4. Qc2 c5 5. dxc5 Bxc5 6. Nf3 Qb6 7. e3 Qc7
8. Bd3 b6 9. O-O a6 10. b3 Be7 11. Bb2 Bb7 12. Ne4 d6 13. Nxf6+ Bxf6 14.
Bxf6 gxf6 15. Nd4 Nc6 16. Be4 Rg8 17. Nxc6 Bxc6 18. f3 f5 19. Bxc6+ Qxc6
20. Qc3 Qc5 21. b4 Qe5 22. Qd2 Ke7 23. Rad1 Rgd8 24. e4 f4 25. Qf2 a5 26.
a3 Rab8 27. Rd4 axb4 28. axb4 b5 29. Rfd1 bxc4 30. Rxc4 Rd7 31. Qc2 1/2-1/2

[Event "36th Olympiad w"]
[Site "Calvia ESP"]
[Date "2004.10.22"]
[Round "7"]
[White "Mongontuul,B"]
[Black "Garcia Vicente,N"]
[Result "1-0"]
[WhiteElo "2345"]
[BlackElo "2213"]
[EventDate "2004.10.15"]

1. e4 e5 2. Nf3 Nc6 3. Bb5 Nf6 4. O-O Nxe4 5. d4 Be7 6. dxe5 O-O 7. Be3 d5
8. exd6 Nxd6 9. Bxc6 bxc6 10. Bc5 Bf6 11. c3 Ba6 12. Re1 Re8 13. Nbd2 Rxe1+
14. Qxe1 Qb8 15. Nb3 Qb7 16. Qd2 Nc4 17. Qc2 Re8 18. h3 h6 19. Rd1 Bb5 20.
Nbd4 a5 21. b3 Nb6 22. c4 Ba6 23. Nf5 a4 24. Be7 axb3 25. axb3 Bxe7 26.
Nxe7+ Kf8 27. Qf5 Kxe7 28. Ne5 Rf8 29. Re1 Kd6 30. Nxf7+ Rxf7 31. c5+ 1-0

[Event "36th Olympiad w"]
[Site "Calvia ESP"]
[Date "2004.10.22"]
[Round "7"]
[White "Batceceg,T"]
[Black "Gonzalez Perez,L"]
[Result "1/2-1/2"]
[WhiteElo "2209"]
[BlackElo "2152"]
[EventDate "2004.10.15"]

1. d4 d5 2. Nf3 Nf6 3. c4 c6 4. Qc2 g6 5. Bf4 dxc4 6. Qxc4 Bg7 7. e3 O-O 8.
h3 Be6 9. Qc1 Qa5+ 10. Qd2 Qxd2+ 11. Nbxd2 Nd5 12. Bxb8 Raxb8 13. a3 c5 14.
e4 Nb6 15. d5 Bd7 16. O-O-O Rbc8 17. Bc4 Na4 18. e5 b5 19. Bb3 Nb6 20. Ne4
b4 21. axb4 cxb4+ 22. Kb1 Nc4 23. d6 exd6 24. Nxd6 Nxd6 25. Rxd6 Bf5+ 26.
Ka2 1/2-1/2

[Event "36th Olympiad w"]
[Site "Calvia ESP"]
[Date "2004.10.22"]
[Round "7"]
[White "Hunt,H"]
[Black "Vega Gutierrez,S"]
[Result "1-0"]
[WhiteElo "2385"]
[BlackElo "2225"]
[EventDate "2004.10.15"]

1. e4 c5 2. Nf3 Nc6 3. Bb5 e6 4. Bxc6 bxc6 5. d3 Ne7 6. Qe2 Ng6 7. h4 h5 8.
e5 f6 9. Qe4 Kf7 10. Na3 d5 11. exd6 Qxd6 12. Nc4 Qd5 13. Ne3 Qd6 14. b3 e5
15. Ba3 Be6 16. Qa4 Nf4 17. O-O-O Be7 18. Rhe1 Qc7 19. Nd2 Nd5 20. Ne4 a5
21. Bxc5 Nc3 22. Nxc3 Bxc5 23. Ne4 Bb4 24. c3 c5 25. cxb4 axb4 26. Qb5 Ra5
27. Qb7 Qxb7 28. Nd6+ Ke7 29. Nxb7 Rb5 30. Nxc5 Rxc5+ 31. Kb2 Rd8 32. Nc2
Rb8 33. d4 Rd5 34. dxe5 Rxe5 35. Rxe5 fxe5 36. Re1 Rd8 37. Re2 Rb8 38. Rxe5
Kf6 39. Rxh5 Rd8 40. Nxb4 Rd2+ 41. Kc3 Rxf2 42. Rg5 1-0

[Event "36th Olympiad w"]
[Site "Calvia ESP"]
[Date "2004.10.22"]
[Round "7"]
[White "Llaneza Vega,P"]
[Black "Houska,Jo"]
[Result "0-1"]
[WhiteElo "2181"]
[BlackElo "2298"]
[EventDate "2004.10.15"]

1. e4 e5 2. Nf3 Nc6 3. d4 exd4 4. Nxd4 Bc5 5. Nxc6 Qf6 6. Qd2 dxc6 7. Nc3
Bd4 8. Bd3 Ne7 9. O-O Ng6 10. Ne2 Bb6 11. Qc3 Ne5 12. Bf4 Nxd3 13. Qxf6
gxf6 14. cxd3 Bg4 15. Ng3 O-O-O 16. h3 Be6 17. Rfd1 h5 18. Ne2 Rd7 19. Be3
f5 20. Bxb6 cxb6 21. Nf4 h4 22. Nxe6 fxe6 23. exf5 exf5 24. Rac1 a5 25. Rc4
Kc7 26. Rf4 Rd5 27. Kf1 b5 28. Ke2 c5 29. Rd2 b4 30. Kf3 b5 31. g3 hxg3 32.
Kxg3 c4 33. Rf3 Rg8+ 34. Kh2 Kd6 35. d4 Ke6 36. Re2+ Kf6 37. Rf4 c3 38. Rc2
Rc8 39. Kg3 Rc4 40. Kf3 Rdxd4 41. Rxd4 Rxd4 42. bxc3 Rc4 43. Ke3 bxc3 44.
Kd3 Rh4 45. Kxc3 Rxh3+ 46. Kd4 Rh4+ 47. Kc5 Rb4 48. Re2 Kg5 49. Rd2 Kg4 50.
Kb6 a4 51. Kc5 Rb1 52. Rc2 a3 53. Rc3 b4 54. Rg3+ Kf4 55. Kc4 Rb2 56. Rg2
b3 0-1

[Event "36th Olympiad w"]
[Site "Calvia ESP"]
[Date "2004.10.22"]
[Round "7"]
[White "Richards,H"]
[Black "Trujillo Delgado,D"]
[Result "1-0"]
[WhiteElo "2197"]
[BlackElo "2155"]
[EventDate "2004.10.15"]

1. e4 c5 2. c3 d5 3. exd5 Qxd5 4. d4 Nf6 5. Nf3 e6 6. Be3 cxd4 7. cxd4 Nc6
8. Nc3 Qd6 9. a3 Be7 10. Bd3 b6 11. O-O Bb7 12. Qe2 O-O 13. Rad1 Rad8 14.
Rfe1 Rfe8 15. Bb1 Qb8 16. Ng5 Bd6 17. Nce4 Nxe4 18. Bxe4 h6 19. Nxf7 Kxf7
20. Qh5+ Ke7 21. d5 Ne5 22. f4 Nc4 23. Qg6 Kf8 24. dxe6 Re7 25. Qf5+ Ke8
26. Qh7 Rxe6 27. Qg8+ Kd7 28. Qf7+ Re7 29. Bf5+ Kc7 30. Qxc4+ Bc6 31. Rc1
Qb7 32. b4 b5 33. Qc3 Rde8 34. Bg4 Re4 35. Bf3 Rc4 36. Qxg7+ Re7 37. Bxc6
Qxc6 38. Rxc4 bxc4 39. Qd4 Kb8 40. Rc1 Rc7 41. Bf2 Be7 42. f5 Bf6 43. Qc5
Qe8 44. Bg3 Ka8 45. Bxc7 1-0

[Event "36th Olympiad w"]
[Site "Calvia ESP"]
[Date "2004.10.22"]
[Round "7"]
[White "Radziewicz,I"]
[Black "Arribas,M"]
[Result "1-0"]
[WhiteElo "2449"]
[BlackElo "2325"]
[EventDate "2004.10.15"]

1. Nf3 Nf6 2. d4 d6 3. c4 g6 4. Nc3 Bg7 5. Bg5 c6 6. e3 Qa5 7. Qd2 Bg4 8.
b4 Qxb4 9. Rb1 Qa5 10. Bxf6 Bxf6 11. Rxb7 Nd7 12. Ne4 Qxd2+ 13. Nfxd2 Bg7
14. Be2 Bxe2 15. Kxe2 h6 16. g4 d5 17. cxd5 cxd5 18. Nc5 Nxc5 19. dxc5 e6
20. Rhb1 O-O 21. Rd7 Rac8 22. Rc1 Rc6 23. Rxa7 Rb8 24. Nb3 Rb5 25. Ra8+ Bf8
26. Rc3 Kg7 27. h3 Be7 28. Kd3 Rc7 29. Ra6 Rb4 30. a3 Rb5 31. Ra5 Rxa5 32.
Nxa5 Rxc5 33. Rxc5 Bxc5 34. a4 Kf8 35. Nc6 Ke8 36. a5 Kd7 37. Ne5+ Kc7 38.
Nxf7 Bf8 39. Kd4 Bg7+ 40. Kc5 h5 41. Ng5 hxg4 42. hxg4 Bc3 43. a6 e5 44.
Ne6+ Kb8 45. Kb6 1-0

[Event "36th Olympiad w"]
[Site "Calvia ESP"]
[Date "2004.10.22"]
[Round "7"]
[White "Pina,S"]
[Black "Socko,M"]
[Result "0-1"]
[WhiteElo "2313"]
[BlackElo "2439"]
[EventDate "2004.10.15"]

1. e4 g6 2. d4 d6 3. Nc3 Bg7 4. f4 Nf6 5. Nf3 O-O 6. Bd3 Na6 7. O-O c5 8.
d5 Rb8 9. a4 Bg4 10. h3 Bxf3 11. Rxf3 Nc7 12. Bc4 a6 13. a5 Nb5 14. Nxb5
axb5 15. Bxb5 Nxe4 16. Ra4 Nf6 17. Kh1 Kh8 18. Be3 e6 19. c4 Ra8 20. dxe6
fxe6 21. b4 Ne4 22. Bd2 Nxd2 23. Qxd2 Bd4 24. bxc5 dxc5 25. a6 bxa6 26.
Rxa6 Rxa6 27. Bxa6 Qa8 28. Bb5 Qa1+ 29. Kh2 g5 30. Qe2 Rxf4 31. Qxe6 Rxf3
32. Qe8+ Kg7 33. Qe7+ 0-1

[Event "36th Olympiad w"]
[Site "Calvia ESP"]
[Date "2004.10.22"]
[Round "7"]
[White "Zielinska,Mar"]
[Black "Marrero,Y"]
[Result "1-0"]
[WhiteElo "2395"]
[BlackElo "2272"]
[EventDate "2004.10.15"]

1. g3 d5 2. Bg2 c6 3. d3 Bg4 4. Nd2 Nd7 5. b3 e5 6. Bb2 Bd6 7. h3 Bh5 8.
Ngf3 Ne7 9. e4 O-O 10. Qe2 f6 11. O-O Qc7 12. Rad1 a5 13. a3 Nc5 14. exd5
Nxd5 15. Nc4 Be7 16. Rde1 Rfe8 17. Qd2 b6 18. d4 exd4 19. Nxd4 Bf7 20. Ne3
Rad8 21. Nef5 Bf8 22. Rxe8 Bxe8 23. b4 axb4 24. axb4 Ne7 25. Nxe7+ Qxe7 26.
bxc5 bxc5 27. Re1 Qf7 28. Qa5 Rb8 29. Nxc6 Rxb2 30. Qd8 1-0

[Event "36th Olympiad w"]
[Site "Calvia ESP"]
[Date "2004.10.22"]
[Round "7"]
[White "Pokorna,Reg"]
[Black "Madl,I"]
[Result "1/2-1/2"]
[WhiteElo "2370"]
[BlackElo "2369"]
[EventDate "2004.10.15"]

1. e4 c5 2. Nf3 d6 3. d4 cxd4 4. Nxd4 Nf6 5. Nc3 Nc6 6. Be2 e5 7. Nf3 h6 8.
h3 Be7 9. O-O O-O 10. Re1 Be6 11. Bf1 Nb8 12. a4 a6 13. a5 Nbd7 14. Nd5
Nxd5 15. exd5 Bf5 16. b4 Bg6 17. Bb2 e4 18. Nd2 f5 19. c4 Bf6 20. Qb3 Kh8
21. Bxf6 Nxf6 22. Qg3 Kh7 23. Qe3 Re8 24. Nb3 Qd7 25. Rad1 Bf7 26. Qd4 Qa4
27. Qe3 Qd7 28. Qd4 Qa4 1/2-1/2

[Event "36th Olympiad w"]
[Site "Calvia ESP"]
[Date "2004.10.22"]
[Round "7"]
[White "Vajda,S"]
[Black "Hagarova,Z"]
[Result "1-0"]
[WhiteElo "2369"]
[BlackElo "2351"]
[EventDate "2004.10.15"]

1. e4 c5 2. Nf3 Nc6 3. d4 cxd4 4. Nxd4 Nf6 5. Nc3 e5 6. Ndb5 d6 7. Bg5 a6
8. Na3 b5 9. Bxf6 gxf6 10. Nd5 f5 11. Bd3 Be6 12. O-O Bg7 13. Qh5 f4 14. c4
bxc4 15. Bxc4 O-O 16. Rac1 Rb8 17. b3 Bxd5 18. Bxd5 Nb4 19. Rfd1 Nxa2 20.
Rc6 Rb6 21. Rxb6 Qxb6 22. Nc4 Qc7 23. Nxd6 Nc3 24. Nf5 Nxd5 25. Rxd5 f6 26.
Qg4 Kh8 27. h4 Rg8 28. Qd1 Qf7 29. Rd7 Qe6 30. Re7 Qc6 31. Rxg7 1-0

[Event "36th Olympiad w"]
[Site "Calvia ESP"]
[Date "2004.10.22"]
[Round "7"]
[White "Borosova,Z"]
[Black "Gara,A"]
[Result "0-1"]
[WhiteElo "2249"]
[BlackElo "2390"]
[EventDate "2004.10.15"]

1. e4 c5 2. Nf3 d6 3. d4 cxd4 4. Nxd4 Nf6 5. Nc3 g6 6. Be3 Bg7 7. f3 O-O 8.
Qd2 Nc6 9. Bc4 Bd7 10. h4 Qa5 11. O-O-O Ne5 12. Bb3 Rfc8 13. Kb1 Nc4 14.
Bxc4 Rxc4 15. Nb3 Qc7 16. h5 Rxc3 17. Qxc3 Qxc3 18. bxc3 Nxh5 19. Bd4 Nf4
20. Bxg7 Kxg7 21. Rd2 Rc8 22. Kb2 Bb5 23. Nd4 Bc4 24. g3 Nh5 25. g4 Nf4 26.
Rdh2 Rh8 27. g5 a5 28. Nb3 a4 29. Nd2 Bb5 30. Rh4 e5 31. c4 Bc6 32. Nf1 Ne6
33. Rg1 Nd4 34. Nd2 Ne6 35. c3 f6 36. gxf6+ Kxf6 37. Rh2 h5 38. Kc2 Nf4 39.
Nf1 b5 40. cxb5 Bxb5 41. Ne3 Rc8 42. Rd2 Rc6 43. Nd5+ Nxd5 44. Rxd5 Bc4 45.
Ra5 Bxa2 46. Rxa4 Bf7 47. Ra7 d5 48. Kd3 dxe4+ 49. fxe4 Bc4+ 50. Kc2 g5 51.
Rd7 Ra6 52. Rb1 g4 53. Rh1 Kg6 54. Rc7 Be2 55. Kd2 Bf3 56. Re1 h4 57. Rc8
h3 58. Ke3 Ra3 59. Kf2 Ra2+ 60. Ke3 Rg2 61. Ra8 h2 62. Raa1 Rg3 63. Kf2 Rh3
64. Rh1 Bxe4 65. c4 g3+ 0-1

[Event "36th Olympiad w"]
[Site "Calvia ESP"]
[Date "2004.10.22"]
[Round "7"]
[White "Pourkashiyan,A"]
[Black "Cramling,P"]
[Result "1/2-1/2"]
[WhiteElo "2217"]
[BlackElo "2477"]
[EventDate "2004.10.15"]

1. e4 c5 2. Nf3 e6 3. d4 cxd4 4. Nxd4 a6 5. Nc3 Ne7 6. Be2 Nec6 7. Nb3 d6
8. O-O b5 9. a3 Be7 10. Be3 O-O 11. f4 Nd7 12. Bd3 Re8 13. Qf3 Bb7 14. Qh3
g6 15. Kh1 Bf8 16. Rae1 Bg7 17. Nd2 Nd4 18. e5 Nf5 19. Bxf5 exf5 20. exd6
Re6 21. Nf3 Rxd6 22. Rd1 Qc7 23. Rxd6 Qxd6 24. Rd1 Qe7 25. Bd4 Bxd4 26.
Nxd4 Nb6 27. Qg3 Qf6 28. Nf3 Re8 29. Ne5 Qe6 30. h3 Nc4 31. Nxc4 Qxc4 32.
Qf2 Qc6 33. Rd2 Qf6 34. Kh2 Qc6 35. Kh1 h6 36. Kh2 Kh7 37. Qd4 Re1 38. Nd5
Re6 39. Nc3 Qc7 40. Kg1 Bc6 41. Re2 Qe7 42. Qb6 1/2-1/2

[Event "36th Olympiad w"]
[Site "Calvia ESP"]
[Date "2004.10.22"]
[Round "7"]
[White "Agrest,S"]
[Black "Navabi,S"]
[Result "1/2-1/2"]
[WhiteElo "2238"]
[BlackElo "2107"]
[EventDate "2004.10.15"]

1. e4 e5 2. Nf3 Nf6 3. Nxe5 d6 4. Nf3 Nxe4 5. Nc3 Nxc3 6. dxc3 Be7 7. Bf4
Nc6 8. Qd2 Be6 9. O-O-O Qd7 10. Kb1 h6 11. Nd4 Bf6 12. Nxe6 fxe6 13. Bc4
O-O-O 14. Rhe1 Rde8 15. f3 Re7 16. Qf2 Kb8 17. Bb5 a6 18. Bc4 Na5 19. Bd3
Rf8 20. Bg3 Nc6 21. Bf1 Na7 22. Qe3 Qa4 23. Bf2 Nc6 24. Qe4 Qxe4 25. Rxe4
Be5 26. h3 g5 27. Rde1 Kc8 28. h4 Kd7 29. Bd3 Bf4 30. hxg5 hxg5 31. Rh1 d5
32. Ree1 Bd6 33. Be3 Rg7 34. a3 Bg3 35. Ref1 Bd6 36. Be2 Bf4 37. Bc5 Re8
38. Rd1 Bd6 39. Bf2 Ne7 40. c4 c6 41. cxd5 exd5 42. c4 Kc7 43. Bd4 Rf7 44.
cxd5 Nxd5 45. Bc4 Bf4 46. Rde1 Rfe7 47. Rxe7+ Rxe7 48. Bf2 b5 49. Bd3 Be3
50. Bxe3 1/2-1/2

[Event "36th Olympiad w"]
[Site "Calvia ESP"]
[Date "2004.10.22"]
[Round "7"]
[White "Salman,Ma"]
[Black "Andersson,C"]
[Result "0-1"]
[WhiteElo "2166"]
[BlackElo "2168"]
[EventDate "2004.10.15"]

1. e4 e6 2. d4 d5 3. Nc3 Nf6 4. Bg5 dxe4 5. Nxe4 Nbd7 6. Bd3 Be7 7. Nxf6+
Bxf6 8. Bxf6 Qxf6 9. Nf3 O-O 10. Qe2 Rb8 11. Qe4 g6 12. h4 c5 13. h5 cxd4
14. hxg6 hxg6 15. Qxd4 Qxd4 16. Nxd4 e5 17. Nb5 Nc5 18. Bc4 Bf5 19. O-O-O
Ne4 20. Rhf1 Rbc8 21. Bd3 a6 22. Rde1 Ng3 23. Bxf5 Nxf5 24. Nc3 f6 25. f4
exf4 26. Rxf4 Kg7 27. g4 Nd6 28. Rd4 Rcd8 29. Re6 Nf7 30. Rb4 Rd7 31. b3
Rc7 32. Nd5 Rc5 33. Nf4 Rfc8 34. Rxb7 Rxc2+ 35. Kb1 Rf2 36. Ne2 Kf8 37. Nd4
Nd8 38. Ra7 Nxe6 39. Nxe6+ Kg8 40. Nd4 Rd8 41. Nc2 Rd1+ 42. Kb2 Rdd2 43.
Rc7 f5 44. gxf5 gxf5 45. Kc1 f4 46. Ne1 Rxa2 47. Nc2 f3 0-1

[Event "36th Olympiad w"]
[Site "Calvia ESP"]
[Date "2004.10.22"]
[Round "7"]
[White "Peptan,C"]
[Black "Dzagnidze,N"]
[Result "1-0"]
[WhiteElo "2429"]
[BlackElo "2484"]
[EventDate "2004.10.15"]

1. e4 c5 2. Nf3 d6 3. d4 cxd4 4. Nxd4 Nf6 5. Nc3 a6 6. Qf3 g6 7. h3 Bg7 8.
Be3 O-O 9. O-O-O Bd7 10. g4 Nc6 11. Nb3 h6 12. Qe2 a5 13. a4 Nb4 14. f3 Rc8
15. Nd4 Qe8 16. Ndb5 Bxb5 17. Qxb5 Nd7 18. Bd4 Ne5 19. Qxe8 Rfxe8 20. Bb5
Rf8 21. f4 Nc4 22. Bxg7 Kxg7 23. Rd4 Ne3 24. Rd2 g5 25. fxg5 hxg5 26. Re1
Nc4 27. Bxc4 Rxc4 28. e5 Rh8 29. exd6 exd6 30. Re3 Rh6 31. Nb5 Rf4 32. b3
d5 33. c3 Nc6 34. Rxd5 Rf1+ 35. Kc2 Rf2+ 36. Rd2 Rhf6 37. Rxf2 Rxf2+ 38.
Kd3 f6 39. Nd6 Ne5+ 40. Ke4 b6 41. Kd5 Kg6 42. Nc4 Nd7 43. Kc6 Nc5 44. Kxb6
Nxb3 45. Nxa5 Nd2 46. Kb5 f5 47. gxf5+ Kxf5 48. Nc6 Kf4 49. Rd3 Ne4 50. a5
Rb2+ 51. Nb4 Ke5 52. a6 Nd6+ 53. Rxd6 1-0

[Event "36th Olympiad w"]
[Site "Calvia ESP"]
[Date "2004.10.22"]
[Round "7"]
[White "Javakhishvili,L"]
[Black "Olarasu,G"]
[Result "1-0"]
[WhiteElo "2423"]
[BlackElo "2325"]
[EventDate "2004.10.15"]

1. d4 d5 2. c4 c6 3. Nf3 Nf6 4. e3 a6 5. Nc3 b5 6. c5 Bg4 7. Qb3 Bxf3 8.
gxf3 g6 9. a4 Nbd7 10. Qa3 Rc8 11. axb5 axb5 12. Qa5 Qxa5 13. Rxa5 Bg7 14.
Na2 O-O 15. Nb4 Rc7 16. Bh3 e5 17. Bd2 Re8 18. O-O Nb8 19. Ra8 Kf8 20. Rfa1
exd4 21. exd4 Nh5 22. Bg4 Bxd4 23. Bxh5 gxh5 24. Bf4 Rcc8 25. Rxb8 Rxb8 26.
Bxb8 Rxb8 27. Nxc6 Bxb2 28. Nxb8 Bxa1 29. c6 Be5 30. Nd7+ Ke7 31. Nxe5 Kd6
32. Nxf7+ Kxc6 33. Kf1 b4 34. Ke2 b3 35. Kd2 d4 36. Ne5+ Kd5 37. Nd3 Kc4
38. f4 Kd5 39. f3 Kc4 40. Nb2+ Kc5 41. Kd3 Kd5 42. Na4 h6 43. Nb2 Kc5 44.
Ke4 1-0

[Event "36th Olympiad w"]
[Site "Calvia ESP"]
[Date "2004.10.22"]
[Round "7"]
[White "Lagvilava,G"]
[Black "Sergeeva,M"]
[Result "0-1"]
[WhiteElo "2299"]
[BlackElo "2308"]
[EventDate "2004.10.15"]

1. e4 c5 2. Nc3 Nc6 3. g3 g6 4. Bg2 Bg7 5. d3 d6 6. Be3 e5 7. Qd2 Nd4 8.
Nd1 Ne7 9. c3 Ne6 10. Bh6 O-O 11. Bxg7 Kxg7 12. Ne3 f5 13. exf5 Nxf5 14.
Nxf5+ Rxf5 15. h4 Rb8 16. Ne2 b6 17. Qe3 Bb7 18. Be4 Rf8 19. Bxb7 Rxb7 20.
O-O-O Rbf7 21. d4 cxd4 22. cxd4 Rxf2 23. dxe5 R8f3 24. Qe4 Nc5 25. Qc2 Re3
26. Rxd6 Qg8 27. h5 Rexe2 28. Rxg6+ hxg6 29. Qxg6+ Kh8 0-1

[Event "36th Olympiad w"]
[Site "Calvia ESP"]
[Date "2004.10.22"]
[Round "7"]
[White "Khasanova,F"]
[Black "Sharevich,A"]
[Result "1-0"]
[WhiteElo "2314"]
[BlackElo "2266"]
[EventDate "2004.10.15"]

1. e4 c5 2. Nf3 e6 3. Nc3 a6 4. g3 b5 5. Bg2 Bb7 6. d3 Qc7 7. O-O d6 8. Ng5
Nf6 9. f4 Nbd7 10. Qe2 b4 11. Nd1 Rb8 12. Ne3 Be7 13. Nc4 h6 14. Nf3 d5 15.
exd5 Bxd5 16. Ne3 Bb7 17. f5 e5 18. Nc4 Bd6 19. b3 O-O 20. Bb2 Rfe8 21.
Nfd2 Bxg2 22. Qxg2 Nb6 23. Rae1 Nfd7 24. Nxd6 Qxd6 25. Ne4 Qd5 26. f6 Re6
27. fxg7 Kxg7 28. Rf5 Rf8 29. Ref1 Rg6 30. Qf3 Nc8 31. Nd2 Qxf3 32. Nxf3 f6
33. Nh4 Rg4 34. R5f3 Ne7 35. Kg2 Kh7 36. h3 Rg7 37. Nf5 Nxf5 38. Rxf5 Ra8
39. a4 bxa3 40. Bxa3 a5 41. Ra1 Rg5 42. Rf3 Ra6 43. Bc1 Rg8 44. Bd2 Rga8
45. Ra4 Rg8 46. Rf1 Rf8 47. Rfa1 Rd6 48. Bxa5 f5 49. Bc3 Re6 50. Ra7 Rf7
51. R1a6 Ree7 52. Bd2 f4 53. Ra4 fxg3 54. Kxg3 Rf1 55. Rg4 Ref7 56. Bc3
R1f3+ 57. Kh4 Rf2 58. Ra2 Nf6 59. Rc4 Nd5 60. Bxe5 Ne3 61. Re4 Nf5+ 62. Kh5
Ng7+ 63. Bxg7 Kxg7 64. b4 cxb4 65. Rxb4 R2f5+ 66. Kh4 Rc7 67. Rg4+ Kh7 68.
c4 Rf3 69. Rd4 Re7 70. Ra6 Ref7 71. Rad6 R7f5 72. R6d5 Rf8 73. c5 Rf1 74.
c6 Rc1 75. Rd7+ Kg6 76. c7 Rc8 77. Rg4+ Kf5 78. Rgg7 Ke6 79. Rge7+ Kf6 80.
d4 Rc4 81. Kg4 Rxd4+ 82. Rxd4 Kxe7 83. Rc4 Kf6 84. Kh5 Kg7 85. Rc6 Kh7 86.
Rxh6+ Kg7 87. Rc6 Kh7 88. h4 Kg7 89. Kg5 Kf7 90. h5 Kg7 91. h6+ Kh7 92. Kf5
Rf8+ 93. Ke6 Rc8 94. Kd7 Rf8 95. Re6 1-0

[Event "36th Olympiad w"]
[Site "Calvia ESP"]
[Date "2004.10.22"]
[Round "7"]
[White "Popova,N"]
[Black "Zigangirova,S"]
[Result "1/2-1/2"]
[WhiteElo "2246"]
[BlackElo "2330"]
[EventDate "2004.10.15"]

1. e4 c5 2. Nf3 Nc6 3. d4 cxd4 4. Nxd4 g6 5. Nc3 Bg7 6. Be3 Nf6 7. Bc4 O-O
8. O-O Ng4 9. Qxg4 Nxd4 10. Qd1 Nc6 11. Qd2 Ne5 12. Bb3 Ng4 13. Bd4 Bh6 14.
Qe2 d6 15. h3 Ne5 16. Nd5 e6 17. Ne3 b6 18. Rad1 Qh4 19. Bxe5 dxe5 20. Nc4
Ba6 21. Rd7 Bb5 22. Rd6 Qe7 23. Rfd1 Rac8 24. a4 Ba6 25. Ba2 Qc7 26. b3
Bxc4 27. Qxc4 Qxc4 28. bxc4 Bg5 29. Rd7 Rfd8 30. Kf1 a5 31. R1d3 Rxd7 32.
Rxd7 Rd8 33. Rxd8+ Bxd8 34. c5 bxc5 35. Ke2 Kf8 36. Kd3 Ke7 37. Kc4 Kd6 38.
Kb5 f5 39. f3 f4 40. Bb3 h6 41. Ba2 Bc7 42. Bb3 Bd8 43. Ba2 1/2-1/2

[Event "36th Olympiad w"]
[Site "Calvia ESP"]
[Date "2004.10.22"]
[Round "7"]
[White "Reizniece,D"]
[Black "Sikorova,O"]
[Result "1-0"]
[WhiteElo "2278"]
[BlackElo "2252"]
[EventDate "2004.10.15"]

1. c4 c5 2. Nf3 Nc6 3. d4 cxd4 4. Nxd4 g6 5. e4 Bg7 6. Be3 Nf6 7. Nc3 O-O
8. Be2 d6 9. Qd2 Nxd4 10. Bxd4 Qa5 11. f3 Be6 12. Be3 Rfc8 13. Nd5 Qxd2+
14. Kxd2 Nxd5 15. cxd5 Bd7 16. Rab1 a5 17. Rhc1 b5 18. Rxc8+ Rxc8 19. Rc1
Rxc1 20. Kxc1 e6 21. Kc2 exd5 22. exd5 a4 23. Bf4 Bf5+ 24. Kc1 b4 25. Bxd6
b3 26. axb3 axb3 27. Bd1 Bh6+ 28. f4 Be4 29. Bf3 Bf5 30. g4 Bd7 31. g5 Bf8
32. Bxf8 Kxf8 33. Kd2 Ke7 34. Kc3 f6 35. h4 fxg5 36. hxg5 Kd6 37. Kxb3 Kc5
38. Kc3 Bb5 39. b4+ Kd6 40. Kd4 Ba6 41. Bg4 1-0

[Event "36th Olympiad w"]
[Site "Calvia ESP"]
[Date "2004.10.22"]
[Round "7"]
[White "Cedikova,K"]
[Black "Rogule,L"]
[Result "1-0"]
[WhiteElo "2263"]
[BlackElo "2295"]
[EventDate "2004.10.15"]

1. d4 d5 2. c4 e6 3. cxd5 exd5 4. Nc3 Nf6 5. Bg5 Be7 6. e3 O-O 7. Bd3 c6 8.
Qc2 Nbd7 9. Nf3 Re8 10. O-O-O Nf8 11. h3 Be6 12. Kb1 Rc8 13. g4 b5 14. Ne5
N6d7 15. Bxe7 Qxe7 16. f4 Nxe5 17. fxe5 a6 18. Qf2 Qb4 19. Rhf1 Rc7 20. Bf5
Rec8 21. h4 Qe7 22. g5 Nd7 23. e4 Nb6 24. Qg3 b4 25. Ne2 c5 26. h5 dxe4 27.
g6 Bxf5 28. Rxf5 fxg6 29. hxg6 h6 30. Rf7 Qe6 31. Nf4 Qc4 32. d5 Qb5 33. d6
Rxf7 34. gxf7+ Kxf7 35. Qg6+ Kg8 36. Nh5 Qd7 37. Nf6+ 1-0

[Event "36th Olympiad w"]
[Site "Calvia ESP"]
[Date "2004.10.22"]
[Round "7"]
[White "Berzina,I"]
[Black "Blazkova,P"]
[Result "1/2-1/2"]
[WhiteElo "2240"]
[BlackElo "2214"]
[EventDate "2004.10.15"]

1. e4 e6 2. d4 d5 3. e5 c5 4. c3 Nc6 5. Nf3 Qb6 6. a3 Bd7 7. b4 cxd4 8.
cxd4 f6 9. Bd3 Rc8 10. O-O Nxd4 11. Nxd4 Rxc1 12. Qxc1 Qxd4 13. Qc3 Qxc3
14. Nxc3 fxe5 15. Rac1 Bd6 16. Bb5 Ne7 17. Rfe1 Rf8 18. f3 Nc6 19. Na4 a6
20. Bxc6 Bxc6 21. Nc5 Ke7 22. Rc3 Ra8 23. Nb3 d4 24. Rcc1 Bd5 25. Na5 b6
26. Nc4 Bxc4 27. Rxc4 b5 28. Rc6 a5 29. Rb6 axb4 30. axb4 Bxb4 31. Rb1 Bc3
32. R6xb5 Kf6 33. Rb7 Ra2 34. Rd7 e4 35. fxe4 Ke5 36. Rxg7 d3 37. Rg3 Kxe4
38. Rf3 Rc2 39. Kf1 Bd2 40. Rd1 e5 41. Rf2 Bf4 42. Rf3 d2 43. Ke2 Bxh2 44.
Rxd2 Rxd2+ 45. Kxd2 Bf4+ 46. Ke2 Bg5 47. Ra3 Kf5 48. Ra5 Bf4 49. Kf3 h5 50.
g3 Bd2 51. Ra4 Bg5 52. Re4 Kf6 53. g4 hxg4+ 1/2-1/2

[Event "36th Olympiad w"]
[Site "Calvia ESP"]
[Date "2004.10.22"]
[Round "7"]
[White "Srebrnic,A"]
[Black "Mamedjarova,Z"]
[Result "0-1"]
[WhiteElo "2245"]
[BlackElo "2349"]
[EventDate "2004.10.15"]

1. d4 d5 2. Nf3 c5 3. c4 e6 4. cxd5 exd5 5. g3 Nc6 6. Bg2 Nf6 7. O-O c4 8.
Nc3 Be7 9. Ne5 O-O 10. e4 Be6 11. Nxc6 bxc6 12. e5 Ne8 13. b3 cxb3 14. axb3
Qb6 15. Na4 Qb5 16. Ba3 Bxa3 17. Rxa3 Qb4 18. Qa1 Nc7 19. Nc5 Nb5 20. Ra4
Qc3 21. Kh1 Qd2 22. Qc1 Qe2 23. Qe3 Qh5 24. Rfa1 Bh3 25. Bf3 Bg4 26. Bg2
Bh3 27. Ra6 Bxg2+ 28. Kxg2 Rac8 29. h3 Qg6 30. R6a2 Rfe8 31. f4 Rc7 32. Rf2
f5 33. Qd3 h5 34. Kh1 Qh7 35. Rh2 h4 36. g4 fxg4 37. Qxh7+ Kxh7 38. hxg4 g5
39. f5 Nxd4 40. e6 Kg7 41. Rf2 Kf6 42. Nd7+ Ke7 43. Re1 Kd6 44. Ne5 Nxe6
45. fxe6 Rxe6 46. Rfe2 Rf6 47. Nd3 Rcf7 48. Kg1 a5 49. Re5 Rf3 50. Re6+ Kc7
51. R6e3 Rxe3 52. Rxe3 Kd6 53. Ne1 Rf4 54. Nf3 Rxg4+ 55. Kf2 Rf4 56. Kg2 a4
57. bxa4 Rxa4 58. Re2 Rg4+ 59. Kf2 h3 60. Re8 Rg2+ 61. Ke3 g4 62. Ne1 Ra2
63. Rd8+ Kc5 64. Nd3+ Kb5 65. Rh8 h2 66. Nc1 Ra3+ 67. Kf2 Rh3 0-1

[Event "36th Olympiad w"]
[Site "Calvia ESP"]
[Date "2004.10.22"]
[Round "7"]
[White "Velikhanli,F"]
[Black "Kaps,D"]
[Result "1-0"]
[WhiteElo "2322"]
[BlackElo "2236"]
[EventDate "2004.10.15"]

1. e4 c5 2. Nf3 Nc6 3. Bb5 e6 4. O-O Nge7 5. Nc3 a6 6. Bxc6 Nxc6 7. d4 cxd4
8. Nxd4 Qc7 9. Nxc6 Qxc6 10. Qg4 b5 11. Re1 Bb7 12. Bd2 O-O-O 13. a4 b4 14.
Na2 f5 15. Qh3 Bc5 16. Nxb4 Qb6 17. Nd3 Bxe4 18. Nxc5 Qxc5 19. Be3 Qb4 20.
Red1 a5 21. Ra3 f4 22. Rb3 Qxa4 23. Ba7 Bc6 24. Qc3 e5 25. Qxe5 d6 26. Qe6+
Rd7 27. Rb8+ Kc7 28. Rxh8 Qxc2 29. Qe1 1-0

[Event "36th Olympiad w"]
[Site "Calvia ESP"]
[Date "2004.10.22"]
[Round "7"]
[White "Krivec,J"]
[Black "Shukurova,M"]
[Result "1-0"]
[WhiteElo "2214"]
[BlackElo "2281"]
[EventDate "2004.10.15"]

1. e4 e5 2. Nc3 Nc6 3. g3 Bc5 4. Bg2 h5 5. h3 h4 6. g4 Nge7 7. d3 Ng6 8.
Nge2 a6 9. f4 exf4 10. Nxf4 Nxf4 11. Bxf4 d6 12. Qd2 Nd4 13. e5 Ne6 14. Bh2
dxe5 15. Bxe5 Bd6 16. Bxd6 Qxd6 17. O-O-O Bd7 18. Rhf1 Bc6 19. Bxc6+ Qxc6
20. d4 Qd6 21. d5 Nc5 22. Rde1+ Kf8 23. Qf2 f6 24. g5 Kf7 25. gxf6 gxf6 26.
Re6 Nxe6 27. Qxf6+ Ke8 28. Qxh8+ Nf8 29. Ne4 Qb4 30. Qh5+ Kd8 31. Qxh4+ Kc8
32. Qh8 Kd7 33. Qg7+ Ke8 34. Qf7+ 1-0